00487nam a2200181Ia 4500003000400000005001700004006001800021007000300039008004100042037001700083040001800100041001300118082002700131110004000158245005800198260000900256700004000265OSt20220926044621.0a|||||r|||| 00| 0ta220923b |||||||| |||| 00| 0 eng d cGeneral Book aRTLcRTLbeng 2engaeng aX:54.20k52.N56t, J7/GD aIndia, Commerce and Industry (M/O-) 0aReport on Economic and Commercial conditions in Italy c1957 aIndia, Commerce and Industry (M/O-)